<?xml version="1.0" encoding="UTF-8"?>
<record
    xmlns:xsi="http://www.w3.org/2001/XMLSchema-instance"
    xsi:schemaLocation="http://www.loc.gov/MARC21/slim http://www.loc.gov/standards/marcxml/schema/MARC21slim.xsd"
    xmlns="http://www.loc.gov/MARC21/slim">

  <leader>02197nam a2200277Ia 4500</leader>
  <controlfield tag="001">F4953</controlfield>
  <controlfield tag="003">IT-RoPAU</controlfield>
  <controlfield tag="008">130308s9999    xx            000 0 und d</controlfield>
  <datafield tag="040" ind1=" " ind2=" ">
    <subfield code="a">IT-RoPAU</subfield>
  </datafield>
  <datafield tag="040" ind1=" " ind2=" ">
    <subfield code="c">IT-RoPAU</subfield>
  </datafield>
  <datafield tag="041" ind1=" " ind2=" ">
    <subfield code="a">ITALIANO</subfield>
  </datafield>
  <datafield tag="100" ind1=" " ind2=" ">
    <subfield code="a">Alberione Giacomo</subfield>
  </datafield>
  <datafield tag="100" ind1=" " ind2=" ">
    <subfield code="g">Codice Aut. SPICS: 10028</subfield>
  </datafield>
  <datafield tag="245" ind1=" " ind2=" ">
    <subfield code="a">Meditazioni del Primo Maestro alle suore Figlie di San Paolo (Alba 1937)</subfield>
  </datafield>
  <datafield tag="245" ind1=" " ind2=" ">
    <subfield code="b">Meditazioni del Primo maestro Alle Suore Figlie di San Paolo (Alba 1937)</subfield>
  </datafield>
  <datafield tag="250" ind1=" " ind2=" ">
    <subfield code="a">1a ed.</subfield>
  </datafield>
  <datafield tag="260" ind1=" " ind2=" ">
    <subfield code="b">s.e. (senza Editrice o non identificata)</subfield>
  </datafield>
  <datafield tag="260" ind1=" " ind2=" ">
    <subfield code="c">1937 [1&#xB0; Ed.:1937 - Ed.Ling.Originale:1937]</subfield>
  </datafield>
  <datafield tag="300" ind1=" " ind2=" ">
    <subfield code="a">"134 p. (prefazione: no ; testo: 134 [pagine: 0-0])"</subfield>
  </datafield>
  <datafield tag="500" ind1=" " ind2=" ">
    <subfield code="a">Figlie di San Paolo Alba 1937: fiducia in Gesu' (01.01.37), utilizzare Tempo e dolore per I Peccati Commessi (Gennaio 1937), dovere della Riconoscenza Verso Dio (Gennaio 1937), Morte (Gennaio 1937), Amore e Misericordia di Dio Verso di Noi (Febbraio 1937), Fifliol prodigo (Febbraio 1937), mezzi Percrescere nell'Amore di Dio (Febbraio 1937), Prima Parola di Gesu' in croce (Febbraio 1937), centenario della conversioneDi San Paolo (1937), Carissimi in San Paolo (1937), seconda Parola di Gesu' in croce  (1937), Terza Parola di Gesu' in croce  (1937), Santi Angeli Custodi (1937), Cattedra di San Pietro (1937), compagnia del Transito di San Giuseppe (1937), Quarta Parola di Gesu' in croce  (1937), Quinta Parola di Gesu' in croce : tutto &#xE8; Compiuto (1937), sesta Parola di Gesu' in croce : Dio mio Dio mio Perche' Mi Hai Abbandonato? (1937), settima Parola di Gesu' in croce : padre nelle Tue mani Raccomando Il mio Spirito (1937), San Giuseppe Modello di Obbedienza (1937),Come Onorare Maria Ss. nel Mese di maggio (Maggio 1937), la Santissima Vergine (1937), Maternit&#xE0; di Maria (1937), Devozione a Maria Santissima (1937), Come santificare le Ricreazioni (Giugno 1937), Domenica X di Pentecoste (Luglio 1937), Abito delle Figlie di S. Paolo (Agosto 1937), Ubbidienza di Maria (07.08.37), Preghiera (20.08.37), Carit&#xE0; Spirituale (Novembre 1937).</subfield>
  </datafield>
  <datafield tag="650" ind1=" " ind2=" ">
    <subfield code="a">SCRITTI DI GIACOMO ALBERIONE</subfield>
  </datafield>
  <datafield tag="650" ind1=" " ind2=" ">
    <subfield code="e">Codice materia Spics: 9901</subfield>
  </datafield>
  <datafield tag="942" ind1=" " ind2=" ">
    <subfield code="c">BK</subfield>
  </datafield>
  <datafield tag="957" ind1=" " ind2=" ">
    <subfield code="7">1</subfield>
  </datafield>
  <datafield tag="999" ind1=" " ind2=" ">
    <subfield code="c">95620</subfield>
    <subfield code="d">95620</subfield>
  </datafield>
  <datafield tag="999" ind1=" " ind2=" ">
    <subfield code="g">1</subfield>
  </datafield>
  <datafield tag="952" ind1=" " ind2=" ">
    <subfield code="0">0</subfield>
    <subfield code="1">0</subfield>
    <subfield code="4">0</subfield>
    <subfield code="6">F_000000000000000_4953</subfield>
    <subfield code="7">1</subfield>
    <subfield code="a">SPICS</subfield>
    <subfield code="b">SPICS</subfield>
    <subfield code="d">2013-03-08</subfield>
    <subfield code="l">0</subfield>
    <subfield code="o">F4953</subfield>
    <subfield code="r">2013-03-08 00:00:00</subfield>
    <subfield code="w">2013-03-08</subfield>
    <subfield code="y">BK</subfield>
    <subfield code="z">Progressivo inserimento:  60241 /  N. Volumi: 1 Copie: 1  / data import: 1 marzo 2013 - By Epidotti, Trombetti, Vaglietti. </subfield>
  </datafield>
</record>
